000 00728nam a2200205 a 4500
003 0
005 20250513134521.0
008 021108s19uu xx 00 eng d
050 _aPGS HQ 755.85
_b.J83 2002
100 _aJose, Joemar M.
245 _aThe advantages and disadvantages of having siblings /
_cJoemar M. Jose.
260 _aLas PiƱas City, Philippines :
_bSouthville International School and Colleges,
_c2002.
300 _a45 pages :
_bcolored illustrations ;
_c28 cm.
504 _aIncludes bibliographical references.
650 _aSiblings
_vPsychological aspects.
650 _aSibling rivalry.
650 _aSiblings
_vSocial conditions.
650 _aFamily
_vPsychological aspects..
942 _2lcc
_cPASS
999 _c96628
_d96628